000 00462nam a2200181Ia 4500
001 4297
003 IN-NITTTR
005 20251114232958.0
008 251113s9999||||xx |||||||||||||| ||eng||
040 _beng
040 _cIN-NITTTR
041 _aeng
082 _a621.3178 T53P
100 _aTitarenko, M.
245 0 _aProtective relaying in electric power systems. /
_cTitarenko, M., Noskov-Dukelsky, I
700 _a Noskov-Dukelsky, I
942 _2ddc
_cBK
999 _c6933
_d6933